| 000 | 01213nam a22002417a 4500 | ||
|---|---|---|---|
| 003 | OSt | ||
| 005 | 20260124092112.0 | ||
| 008 | 230710b ||||| |||| 00| 0 eng d | ||
| 040 | _cSSBUL | ||
| 041 | _ashan | ||
| 082 | _a294.3368 | ||
| 100 |
_aဢရိယၺႃၼ _cၸဝ်ႈသြႃႇ (ၼမ်ႉႁူႈၼွႆႉ) _927709 |
||
| 245 |
_aဝွၵ်းသႅင်ထမ်းမၢႆ-သီႇ / _cၸဝ်ႈသြႃႇဢရိယၺႃၼ (ၼမ်ႉႁူးၼွႆႉ) |
||
| 260 |
_aတႃႈၵုင်ႈ _bဢေး _c2016 |
||
| 300 |
_aU၊ 117 ၼႃႈ _c21 ၸိၼ်ႇထီႇ |
||
| 500 | _aS-SAT: Dr. Prof Sai Aung Tun | ||
| 500 | _aပပ်ႉၸဝ်ႈတႃႇၼႁင်းၶေႃတွၵ်ႉတိူဝ်ႇၸၢႆးဢွင်ႇထုၼ်းလူႇတၢၼ်ႈဝႆႉ ပပ်ႉမၢႆ- 2355 ပပ်ႉၼိုင်ႈ ပိုၼ်ဢွၵ်ႇတီႈမၢႆတွင်းပွႆးပီၵွၼ်းငိုၼ်းၵျွင်းမၢဝ်းၶမ်း | ||
| 650 |
_aဝွၵ်း-ပုတ်ႉထၽႃႇသႃႇ _921962 |
||
| 942 | _cBK1 | ||
| 942 | _2ddc | ||
| 942 | _2ddc | ||
| 942 | _2ddc | ||
| 999 |
_c27001 _d27001 |
||